| 000 | 00539nam a22001577a 4500 | ||
|---|---|---|---|
| 003 | macl | ||
| 005 | 20191015132209.0 | ||
| 008 | 191015b xxu||||| |||| 00| 0 eng d | ||
| 040 | _cmacl | ||
| 082 | _a920/MIS | ||
| 100 |
_aप्रो कौशल किशोर मिश्र _976961 |
||
| 245 | _aकाशी के महानायक (वीरभद्र मिश्र ) | ||
| 260 |
_aमेरठ _bराहुल पब्लिशिंग हाउस _c2018 |
||
| 650 |
_aजीवनी _97943 |
||
| 942 |
_2ddc _cHIN |
||
| 999 |
_c61207 _d61207 |
||